| 000 | 00638nam a2200217 a 4500 | ||
|---|---|---|---|
| 005 | 20140310183608.0 | ||
| 008 | 120801s19uu xx 00 eng d | ||
| 020 | _a9781441113481 | ||
| 050 |
_aLB 1044.88 _b.St73 2012 |
||
| 100 | _aStarbuck, David | ||
| 245 |
_aCreative teaching : _blearning with style / _cDavid Starbuck. |
||
| 250 | _a2nd rev. ed. | ||
| 260 |
_aLondon ; New York : _bContinuum, _c2012. |
||
| 300 |
_a179 p. : _c20 cm. |
||
| 500 | _aIncludes bibliographical references and index | ||
| 521 | _aEDU | ||
| 650 | _aCreative teaching | ||
| 650 | _aClassroom environment | ||
| 942 |
_cBK _2lcc _kFOR |
||
| 999 |
_c25205 _d25205 |
||